LEADER 02458nam 22005293 450 001 9910984644203321 005 20240713060245.0 010 $a9788410702134 010 $a8410702134 035 $a(CKB)32680990400041 035 $a(MiAaPQ)EBC31521008 035 $a(Au-PeEL)EBL31521008 035 $a(OCoLC)1453054457 035 $a(FINmELB)ELB271710 035 $a(Exl-AI)31521008 035 $a(OCoLC)1446130479 035 $a(EXLCZ)9932680990400041 100 $a20240713d2023 uy 0 101 0 $aspa 135 $aur||||||||||| 181 $ctxt$2rdacontent 182 $cc$2rdamedia 183 $acr$2rdacarrier 200 10$aLa Familia. Fundamento de la Civilización 205 $a1st ed. 210 1$aMadrid :$cDykinson, S.L.,$d2023. 210 4$d©2024. 215 $a1 online resource (236 pages) 300 $aIncluye i?ndice. 311 08$a9788411706315 311 08$a8411706311 330 $aThis book explores the fundamental role of family as the cornerstone of civilization. It is divided into four thematic sections, each examining different aspects of family. The first section discusses family from a philosophical and traditional perspective, referencing the Rule of St. Benedict and Hannah Arendt's thoughts on civilization and politics. The second section addresses the family's role in society and economy, highlighting the impact of growing up without a family and its historical economic significance. The third section focuses on the family's influence on identity development and the importance of attachment and communication in psychological health. The final section analyzes contemporary cultural challenges, including political correctness and the portrayal of families in media, concluding with the adverse effects of family decline on Western civilization. The book is intended for scholars and anyone interested in sociology, culture, and family studies.$7Generated by AI. 606 $aCiencias sociales$xFamilia 606 $aFamilia 608 $aLibros electro?nicos. 615 4$aCiencias sociales$xFamilia. 615 4$aFamilia. 676 $a306.81 700 $aFernández de la Cigoña Cantero$b Carmen$01794117 701 $aSánchez Maíllo$b Carmen$01794118 801 0$bMiAaPQ 801 1$bMiAaPQ 801 2$bMiAaPQ 906 $aBOOK 912 $a9910984644203321 996 $aLa Familia. Fundamento de la Civilización$94334652 997 $aUNINA LEADER 03764nam 2200697 a 450 001 9910956412803321 005 20251116182039.0 010 $a90-04-25202-9 035 $a(CKB)2550000001094507 035 $a(EBL)1224307 035 $a(OCoLC)851972498 035 $a(SSID)ssj0000918027 035 $a(PQKBManifestationID)11545366 035 $a(PQKBTitleCode)TC0000918027 035 $a(PQKBWorkID)10913803 035 $a(PQKB)10095692 035 $a(MiAaPQ)EBC1224307 035 $a(nllekb)BRILL9789004252028 035 $a(Au-PeEL)EBL1224307 035 $a(CaPaEBR)ebr10725040 035 $a(CaONFJC)MIL500347 035 $a(PPN)184924677 035 $a(EXLCZ)992550000001094507 100 $a20130530d2013 uy 0 101 0 $aeng 135 $aurcn||||||||| 181 $ctxt 182 $cc 183 $acr 200 10$aFailure of American and Soviet cultural imperialism in German universities, 1945-1990 /$fby Natalia Tsvetkova 205 $a1st ed. 210 $aLeiden $cBrill$d2013 215 $a1 online resource (440 p.) 225 1 $aScientific and learned cultures and their institutions ;$vv. 10 225 0$aHistory of science and medicine library,$x1872-0684 ;$vv. 38 300 $aDescription based upon print version of record. 311 08$a90-04-25024-7 311 08$a1-299-69096-3 320 $aIncludes bibliographical references and index. 327 $aPreliminary Material -- Introduction -- I Is it a Cultural Imperialism of American and Soviet Policies in German Universities? -- II Americans and Soviets in the Defeated Germany: The Division of the Country, Occupation Administrations, and Their Transformation Strategies for German Universities -- III American and Soviet Structural Transformations in German Universities, 1945 through the Early 1960's -- IV American and Soviet Policy Towards the University Professoriate, 1945 through the Early 1960's -- V German Students in American and Soviet Policy, 1945 through the Early 1960's -- VI American and Soviet Policy in German Universities, Mid-1960's to 1990: German University Conservatism, and the Failure of American and Soviet Cultural Imperialism -- Conclusion -- Bibliography -- Index. 330 $aIn Failure of American and Soviet Cultural Imperialism in German Universities, 1945-1990 Natalia Tsvetkova describes the American and Soviet policies in German universities during the Cold War. In both parts of divided Germany the conservative professorate resisted both the American and Soviet policies of reforms in universities. Whether these policies can be considered cases of cultural imperialism will be discussed in this book. As well as how and why both American and Soviet policies of the transformation of German universities eventually failed. 410 0$aHistory of science and medicine library.$pScientific and learned cultures and their institutions ;$vv. 10. 606 $aHigher education and state$zGermany 606 $aEducation, Higher$zGermany$xAmerican influences 606 $aEducation, Higher$zGermany$xSoviet influences 606 $aCold War 607 $aGermany$xCivilization$xAmerican influences 607 $aGermany$xCivilization$xSoviet influences 615 0$aHigher education and state 615 0$aEducation, Higher$xAmerican influences. 615 0$aEducation, Higher$xSoviet influences. 615 0$aCold War. 676 $a379.43 700 $aT?S?vetkova$b N. A$g(Natal?i?a? Aleksandrovna)$01127694 801 0$bMiAaPQ 801 1$bMiAaPQ 801 2$bMiAaPQ 906 $aBOOK 912 $a9910956412803321 996 $aFailure of American and Soviet cultural imperialism in German universities, 1945-1990$94557382 997 $aUNINA